Los diez mandamientos / (Record no. 140041)

MARC details
000 -LEADER
campo de control de longitud fija 00659nam a2200193 4500
001 - NÚMERO DE CONTROL
campo de control 140041
003 - IDENTIFICADOR DE NÚMERO DE CONTROL
campo de control ES-MaACL
005 - FECHA Y HORA DE LA ÚLTIMA TRANSACCIÓN
campo de control 20230906200001.0
007 - CAMPO FIJO DE DESCRIPCIÓN FÍSICA--INFORMACIÓN GENERAL
campo de control de longitud fija t|
008 - DATOS DE LONGITUD FIJA--INFORMACIÓN GENERAL
campo de control de longitud fija 070214s1973 sp r ||||1| spa d
100 1# - ENTRADA PRINCIPAL--NOMBRE DE PERSONA
Nombre de persona Schreiber, Hermann.
9 (RLIN) 104695
245 14 - MENCIÓN DEL TÍTULO
Título Los diez mandamientos /
Mención de responsabilidad, etc. Hermann Schreiber ; epílogo de Fritz Bauer ; versión de Margarita García Roig, Manuel Luis Pardo.
260 ## - PUBLICACIÓN, DISTRIBUCIÓN, ETC.
Lugar de publicación, distribución, etc. Barcelona :
Nombre del editor, distribuidor, etc. Luis de Caralt,
Fecha de publicación, distribución, etc. 1973.
300 ## - DESCRIPCIÓN FÍSICA
Extensión 364 p., 14 lám. :
Otras características físicas il. ;
Dimensiones 22 cm.
700 1# - ENTRADA AGREGADA--NOMBRE PERSONAL
Nombre de persona Bauer, Fritz.
9 (RLIN) 26547
700 1# - ENTRADA AGREGADA--NOMBRE PERSONAL
Nombre de persona Pardo, Manuel Luis.
9 (RLIN) 88979
700 1# - ENTRADA AGREGADA--NOMBRE PERSONAL
Nombre de persona García Roig, Margarita.
9 (RLIN) 55207
852 ## - LOCALIZACIÓN
Ubicación ES-MaACL
Número de control de estantería C-55960
Sublocalización o colección R.88696
Holdings
Estatus retirado Estado de pérdida Estado de daño No para préstamo Biblioteca de origen Biblioteca actual Ubicación en estantería Fecha de adquisición Fuente de adquisición Total de préstamos Signatura topográfica completa Código de barras Visto por última vez Precio de reemplazo Tipo de ítem Koha
        Biblioteca del Ateneo de Madrid Biblioteca del Ateneo de Madrid Depósito 2 17/01/2008     C-55960 1145731 23/02/2023 23/02/2023 Libro impreso